| 000 | 00000nam##2200000za#4500 |
| 001 | 9.608277 |
| 003 | CaOODSP |
| 005 | 20221123121025 |
| 007 | cr ||||||||||| |
| 008 | 150406|2015||||xxc|||||o f|0| 0 fre|d |
| 040 | |aCaOODSP|bfre |
| 043 | |an-cn--- |
| 086 | 1 |aYM32-2/2011-78-1F-PDF |
| 245 | 00|aResponsabilités du gouvernement du Canada en matière de droits de la personne au pays et sur la scène internationale / |h[ressource électronique]|c[par] Julian Walker. |
| 260 | |aOttawa - Ontario : |bBibliothèque du Parlement. |cLe 15 september 2011, révisée le 1er décembre 2014. |
| 300 | |a22p. |
| 490 | 1 |aÉtude générale|v2011-78-F |
| 590 | |a15-06|b2015-02-06 |
| 691 | 07|aDroits de la personne|2gcpds |
| 710 | 1 |aCanada. |bService d'information et de recherche parlementaires. |
| 720 | 1 |aWalker, Julian |
| 775 | 08|tGovernment of Canada responsibilities for domestic and international human rights / |w(CaOODSP)9.581456 |
| 830 | #0|aÉtude générale ;|v2011-78-F|w(CaOODSP)9.501181 |
| 856 | 40|ahttp://publications.gc.ca|qPDF|s547 Ko|uhttps://publications.gc.ca/collections/collection_2015/bdp-lop/bp/2011-78-1-fra.pdf|y2011-78-F |